000 00412 a2200169 4500
001 191614
020 _a978-85-249-2033-2
040 _cMagnum
100 _aDantas, Goimar
240 1 0 _aEstrelas são pipocas e outras descobertas
_lpor
245 1 0 _aEstrelas são pipocas e outras descobertas
300 _a27
362 0 _a2013
440 1 _aCortez
697 _aLITERATURA INFANTO-JUVENIL
942 _cBK
999 _c191614
_d191614